00700nam a2200205 a 450000100100000000500170001000800410002702000150006804000250008310000180010824500480012625000120017426000940018630000270028049000220030750000680032950400270039771000480042483000220047200004036820201002034104.0130823s2001 mx 000 0 spa d a9683690203 aDO-SdBNPbspacBNPHU1 aWitker, Jorge10aDerechos de los extrajeros /cJorge Witker. a2a. ed. aMéxico :bUniversidad Nacional Autónoma de México :bCámara de Diputados;,c2001. a69 p. :bil. ;c22 cm.1 aNuestros derechos aIncluye datos biográficos de los autores en la contracubierta aBibliografía : p. 692 aUniversidad Nacional Autónoma de México 0aNuestros derechos